| 000 | 00509nam a2200181Ia 4500 | ||
|---|---|---|---|
| 008 | 090630s9999 xx 000 0 und d | ||
| 082 | _b22741 | ||
| 100 | _aकदम बाबा. | ||
| 245 |
_aभालू. _cकदम बाबा. |
||
| 260 |
_bदिलीपराज- पुणे. _c2003 |
||
| 300 | _a196 | ||
| 600 | _aकदम बाबा. | ||
| 630 | _aभालू. | ||
| 655 | _aकादंबरी. | ||
| 700 | _aकदम बाबा. | ||
| 730 | _aभालू. | ||
| 942 | _cBOOK | ||
| 999 |
_c274597 _d274597 |
||